[Event "COL-ch School U17 Girls"]
[Site "Yumbo"]
[Date "2010.04.27"]
[Round "5.1"]
[White "Tobar, Estefania"]
[Black "Garcia, Linda Alexandra"]
[Result "1-0"]
[WhiteElo "1813"]
[BlackElo "1563"]
[PlyCount "30"]
[EventDate "2010.04.27"]
[EventType "swiss"]
[EventRounds "7"]
[EventCountry "COL"]
[SourceTitle "EXT 2024"]
[Source "ChessBase"]
[SourceDate "2023.10.10"]
[SourceVersion "1"]
[SourceVersionDate "2023.10.10"]
[SourceQuality "1"]

1. e4 e6 2. d4 d5 3. Nc3 Nf6 4. e5 Nfd7 5. Nf3 c5 6. Bf4 Nc6 7. dxc5 Bxc5 8. a3 a6 9. Bd3 b5 10. b4 Be7 11. Ne2 Nb6 12. Nfd4 Bb7 13. Nxc6 Bxc6 14. 0-0 Rc8 15. Re1 Bb7 1-0

[Event "Valle Region-ch U16 Girls"]
[Site "Yumbo"]
[Date "2010.02.27"]
[Round "5.4"]
[White "Viveros, Mariana Yibeth"]
[Black "Tobar, Estefania"]
[Result "1/2-1/2"]
[WhiteElo "1381"]
[BlackElo "1813"]
[PlyCount "63"]
[EventDate "2010.02.26"]
[EventType "swiss"]
[EventRounds "7"]
[EventCountry "COL"]
[SourceTitle "EXT 2024"]
[Source "ChessBase"]
[SourceDate "2023.10.10"]
[SourceVersion "1"]
[SourceVersionDate "2023.10.10"]
[SourceQuality "1"]

1. e4 e5 2. Nf3 Nc6 3. Bc4 Bc5 4. 0-0 Nf6 5. Nc3 0-0 6. d3 h6 7. a3 d6 8. b4 Bb6 9. h3 a6 10. Ne2 Be6 11. Bxe6 fxe6 12. Bb2 Qd7 13. d4 exd4 14. Bxd4 Bxd4 15. Nfxd4 Nxe4 16. Nxc6 Qxc6 17. Rc1 Nc3 18. Nxc3 Qxc3 19. Qd3 Qxd3 20. cxd3 Rac8 21. d4 Rf4 22. Rfd1 Re4 23. Rc3 b6 24. f3 Rf4 25. g3 Rf5 26. Kg2 Rf6 27. g4 Rf4 28. Kg3 g5 29. Re1 Kf8 30. h4 Ke7 31. hxg5 hxg5 32. d5 1/2-1/2

[Event "American Continental (Women) 05th"]
[Site "Cali"]
[Date "2009.09.07"]
[Round "9"]
[White "Tobar, Estefania"]
[Black "Orozco Lopez, Lina Yomayra"]
[Result "0-1"]
[WhiteElo "1840"]
[BlackElo "2117"]
[PlyCount "32"]
[EventDate "2009.09.01"]
[EventType "swiss"]
[EventRounds "9"]
[EventCountry "COL"]
[SourceTitle "CBM 132 Extra"]
[Source "ChessBase"]
[SourceDate "2009.11.03"]
[SourceVersion "1"]
[SourceVersionDate "2009.11.03"]
[SourceQuality "1"]

1. e4 c5 2. Nf3 e6 3. d4 cxd4 4. Nxd4 a6 5. Nc3 Nc6 6. f3 Qc7 7. Be3 Nf6 8. Qd2 Bb4 9. Bc4 b5 10. Bb3 Bb7 11. 0-0 Rc8 12. Rad1 Nxd4 13. Bxd4 e5 14. Bf2 Bxc3 15. Qxc3 Qxc3 16. bxc3 Rxc3 0-1

[Event "American Continental (Women) 05th"]
[Site "Cali"]
[Date "2009.09.01"]
[Round "1"]
[White "Franco Valencia, Beatriz Irene"]
[Black "Tobar, Estefania"]
[Result "1-0"]
[WhiteElo "2188"]
[BlackElo "1840"]
[PlyCount "115"]
[EventDate "2009.09.01"]
[EventType "swiss"]
[EventRounds "9"]
[EventCountry "COL"]
[SourceTitle "CBM 132 Extra"]
[Source "ChessBase"]
[SourceDate "2009.11.03"]
[SourceVersion "1"]
[SourceVersionDate "2009.11.03"]
[SourceQuality "1"]

1. e4 e5 2. Nf3 Nc6 3. Bb5 a6 4. Ba4 b5 5. Bb3 Nf6 6. Ng5 d5 7. exd5 Nd4 8. d3 Nxb3 9. axb3 Qxd5 10. 0-0 h6 11. Nc3 Qc6 12. Qf3 Bb7 13. Qxc6+ Bxc6 14. Nge4 Nxe4 15. dxe4 Bc5 16. Nd5 Bxd5 17. exd5 Kd7 18. Bd2 c6 19. Bc3 cxd5 20. Bxe5 f6 21. Bc3 Rhe8 22. Rfd1 Re2 23. Rxd5+ Kc6 24. Rd2 Bxf2+ 25. Kf1 Rxd2 26. Bxd2 Bd4 27. c3 Be5 28. h3 g5 29. Ke2 b4 30. Ra4 bxc3 31. bxc3 Kb7 32. Rb4+ Kc7 33. Be3 Rb8 34. Rxb8 Kxb8 35. Kd3 f5 36. Bd4 Bd6 37. g4 fxg4 38. hxg4 Bf8 39. Ke4 Kc7 40. Kf5 Kd7 41. Bf6 Ke8 42. Ke6 Ba3 43. c4 Bf8 44. Bc3 Kd8 45. Kf7 Bd6 46. Bg7 Kc7 47. Bxh6 Bf4 48. Kf6 Kc6 49. Bxg5 Bd6 50. Be3 Bb4 51. g5 Bc3+ 52. Kf7 Kd6 53. g6 Kc6 54. Bg5 Bh8 55. Bf6 Bxf6 56. Kxf6 Kc5 57. g7 Kb4 58. g8Q 1-0

[Event "COL-ch U16 Girls"]
[Site "Cali"]
[Date "2009.05.23"]
[Round "7"]
[White "Fiesco, Valentina"]
[Black "Tobar, Estefania"]
[Result "1-0"]
[WhiteElo "2095"]
[BlackElo "1826"]
[PlyCount "77"]
[EventDate "2009.05.21"]
[EventType "swiss"]
[EventRounds "7"]
[EventCountry "COL"]
[SourceTitle "EXT 2011"]
[Source "ChessBase"]
[SourceDate "2010.11.26"]
[SourceVersion "1"]
[SourceVersionDate "2010.11.26"]
[SourceQuality "1"]

1. f4 Nc6 2. Nf3 Nf6 3. e3 d5 4. b3 e6 5. Bb2 Bc5 6. d4 Bb4+ 7. c3 Ba5 8. Be2 0-0 9. 0-0 Bd7 10. a4 a6 11. Ne5 Nxe5 12. fxe5 Ne4 13. b4 Bb6 14. Nd2 Nxd2 15. Qxd2 Qe7 16. b5 Qd8 17. Bh5 axb5 18. Ba3 c5 19. dxc5 b4 20. Bxb4 Ba5 21. Ba3 g6 22. c6 gxh5 23. Bxf8 Kxf8 24. cxd7 Qxd7 25. Rf6 Rc8 26. e4 Bxc3 27. Qh6+ Kg8 28. Qg5+ Kf8 29. Raf1 b6 30. Qxh5 Kg8 31. Rxf7 Qxf7 32. Qxf7+ Kh8 33. exd5 Bxe5 34. dxe6 Bd6 35. e7 Bc5+ 36. Kh1 Bxe7 37. Qxe7 Kg8 38. Qe6+ Kg7 39. Qxc8 1-0

[Event "COL-ch U16 Girls"]
[Site "Cali"]
[Date "2009.05.23"]
[Round "6"]
[White "Tobar, Estefania"]
[Black "Chavez, Diana Maria"]
[Result "0-1"]
[WhiteElo "1826"]
[BlackElo "1876"]
[PlyCount "90"]
[EventDate "2009.05.21"]
[EventType "swiss"]
[EventRounds "7"]
[EventCountry "COL"]
[SourceTitle "EXT 2011"]
[Source "ChessBase"]
[SourceDate "2010.11.26"]
[SourceVersion "1"]
[SourceVersionDate "2010.11.26"]
[SourceQuality "1"]

1. e4 c5 2. Nf3 Nc6 3. d4 cxd4 4. Nxd4 Nf6 5. Nc3 g6 6. f3 Bg7 7. Be3 d5 8. exd5 Nxd5 9. Nxc6 bxc6 10. Nxd5 Qxd5 11. Qxd5 cxd5 12. Rb1 Bf5 13. Kd2 0-0 14. Bd3 a5 15. Bxf5 gxf5 16. b3 e5 17. f4 d4 18. Bg1 e4 19. Rd1 e3+ 20. Kd3 Rac8 21. c4 dxc3 22. Kc2 Rfe8 23. Rd3 e2 24. Bf2 Rcd8 25. Rxd8 Rxd8 26. Be3 Bd4 27. Kd3 Bxe3+ 28. Kxe3 Rd1 29. Kxe2 Rxh1 30. Kd3 Rxh2 31. Kxc3 Rxg2 32. a3 h5 33. b4 axb4+ 34. axb4 h4 35. b5 Rg1 36. Kb2 Rg6 37. Kc3 h3 38. Kc4 h2 39. Kc5 h1Q 40. b6 Qc6+ 41. Kd4 Rd6+ 42. Ke3 Qe4+ 43. Kf2 Rd2+ 44. Kg3 Qg2+ 45. Kh4 Qg4# 0-1

[Event "COL-ch U14 Girls"]
[Site "Villanvicencio"]
[Date "2009.03.21"]
[Round "6"]
[White "Mercado, Luisa Fernanda"]
[Black "Tobar, Estefania"]
[Result "1-0"]
[WhiteElo "2050"]
[BlackElo "1826"]
[PlyCount "109"]
[EventDate "2009.03.19"]
[EventType "swiss"]
[EventRounds "7"]
[EventCountry "COL"]
[SourceTitle "EXT 2024"]
[Source "ChessBase"]
[SourceDate "2023.10.10"]
[SourceVersion "1"]
[SourceVersionDate "2023.10.10"]
[SourceQuality "1"]

1. e4 e5 2. Nf3 Nc6 3. Bb5 a6 4. Bxc6 dxc6 5. d3 Bg4 6. Be3 Qd7 7. 0-0 0-0-0 8. Nbd2 f6 9. Rb1 c5 10. a3 h5 11. b4 cxb4 12. axb4 g5 13. Qc1 Bxf3 14. Nxf3 h4 15. Qb2 g4 16. Ne1 Qg7 17. b5 a5 18. b6 c6 19. Ra1 g3 20. h3 gxf2+ 21. Bxf2 Rh6 22. Rxa5 Rg6 23. Qa2 Re8 24. Ra8+ Kd7 25. Rxe8 Kxe8 26. Qa8+ Kf7 27. Qxb7+ Ke6 28. Qxg7 Rxg7 29. Bxh4 Rb7 30. Bf2 c5 31. Nf3 Rxb6 32. Ra1 Rb2 33. Ne1 Rb8 34. Ra4 Rc8 35. Rc4 Rc7 36. Nf3 Rc8 37. Nd2 Bh6 38. Nb3 Bf4 39. Rxc5 Ra8 40. g3 Bh6 41. Kg2 Rd8 42. Kf3 Kf7 43. Be3 Bf8 44. Rc4 Kg6 45. Kg4 Bd6 46. Nd2 Ne7 47. Nf3 Rg8 48. Nh4+ Kh7+ 49. Kf3 Kh8 50. Bc5 Bxc5 51. Rxc5 Rf8 52. Rc7 Re8 53. Rxe7 Rxe7 54. Ng6+ Kh7 55. Nxe7 1-0

[Event "COL-ch U14 Girls"]
[Site "Villanvicencio"]
[Date "2009.03.20"]
[Round "4"]
[White "Tobar, Estefania"]
[Black "Loaiza, Yurani"]
[Result "0-1"]
[WhiteElo "1826"]
[BlackElo "2000"]
[PlyCount "50"]
[EventDate "2009.03.19"]
[EventType "swiss"]
[EventRounds "7"]
[EventCountry "COL"]
[SourceTitle "EXT 2024"]
[Source "ChessBase"]
[SourceDate "2023.10.10"]
[SourceVersion "1"]
[SourceVersionDate "2023.10.10"]
[SourceQuality "1"]

1. e4 e5 2. Nf3 Nf6 3. Nc3 Bb4 4. d3 d5 5. Bd2 Nc6 6. Be2 Bg4 7. 0-0 dxe4 8. Nxe4 Bxd2 9. Nfxd2 Bxe2 10. Qxe2 0-0 11. Rfe1 Nd5 12. Nc4 Nd4 13. Qd2 f6 14. c3 Ne6 15. Ne3 Ndf4 16. Rad1 f5 17. Ng3 Qg5 18. Nc4 h5 19. Nxe5 h4 20. Nf3 Qg4 21. h3 Nxh3+ 22. gxh3 Qxf3 23. Rxe6 hxg3 24. Re3 gxf2+ 25. Qxf2 Qxd1+ 0-1

[Event "Cali op-D"]
[Site "Cali"]
[Date "2008.12.29"]
[Round "7"]
[White "Tobar, Estefania"]
[Black "Arboleda, Sary"]
[Result "1-0"]
[WhiteElo "1826"]
[BlackElo "1400"]
[PlyCount "22"]
[EventDate "2008.12.26"]
[EventType "swiss"]
[EventRounds "9"]
[EventCountry "COL"]
[SourceTitle "EXT 2011"]
[Source "ChessBase"]
[SourceDate "2010.11.26"]
[SourceVersion "1"]
[SourceVersionDate "2010.11.26"]
[SourceQuality "1"]

1. e4 e5 2. Nf3 Nc6 3. Bb5 Nf6 4. d3 Bc5 5. 0-0 0-0 6. Bxc6 dxc6 7. Nxe5 Bg4 8. Nxg4 Re8 9. Bg5 Be7 10. Bxf6 Bxf6 11. Nxf6+ Qxf6 1-0

[Event "Cali op-D"]
[Site "Cali"]
[Date "2008.12.28"]
[Round "5"]
[White "Tobar, Estefania"]
[Black "Florez, Luis Angel"]
[Result "1-0"]
[WhiteElo "1826"]
[BlackElo "1483"]
[PlyCount "57"]
[EventDate "2008.12.26"]
[EventType "swiss"]
[EventRounds "9"]
[EventCountry "COL"]
[SourceTitle "EXT 2011"]
[Source "ChessBase"]
[SourceDate "2010.11.26"]
[SourceVersion "1"]
[SourceVersionDate "2010.11.26"]
[SourceQuality "1"]

1. e4 e5 2. Nf3 Nf6 3. Nc3 Nc6 4. Bb5 Bb4 5. d3 0-0 6. 0-0 d6 7. Bg5 Bxc3 8. bxc3 Bg4 9. Re1 a6 10. Ba4 b5 11. Bb3 Na5 12. Qe2 Nxb3 13. axb3 Re8 14. Qe3 Re6 15. Nd2 Qd7 16. Nf1 h6 17. Bh4 Nh7 18. h3 Bh5 19. Kh1 g5 20. Bg3 Rf8 21. Bh2 Bg6 22. Ng3 f5 23. exf5 Bxf5 24. Nxf5 Rxf5 25. Kg1 Rg6 26. f3 Rf8 27. Qe4 Qf5 28. Qxf5 Rxf5 29. Rxa6 1-0

[Event "COL-ch U14 Girls"]
[Site "Medellin"]
[Date "2008.04.26"]
[Round "5.7"]
[White "Loaiza, Yurani"]
[Black "Tobar, Estefania"]
[Result "1/2-1/2"]
[WhiteElo "2139"]
[BlackElo "1826"]
[PlyCount "64"]
[EventDate "2008.04.24"]
[EventType "swiss"]
[EventRounds "7"]
[EventCountry "COL"]
[SourceTitle "EXT 2024"]
[Source "ChessBase"]
[SourceDate "2023.10.10"]
[SourceVersion "1"]
[SourceVersionDate "2023.10.10"]
[SourceQuality "1"]

1. e4 e5 2. Nf3 Nc6 3. Bb5 a6 4. Bxc6 dxc6 5. d4 exd4 6. Qxd4 Be6 7. Be3 Nf6 8. Nbd2 Be7 9. 0-0-0 0-0 10. Bf4 Qxd4 11. Nxd4 Bxa2 12. Bxc7 Rac8 13. Bb6 Be6 14. Nxe6 fxe6 15. f3 Nd7 16. Be3 b5 17. Nb3 Ne5 18. Bc5 Bg5+ 19. Kb1 Rfd8 20. Nd4 Re8 21. b3 a5 22. g3 Bf6 23. f4 Nd7 24. Bd6 e5 25. fxe5 Bxe5 26. Bxe5 Rxe5 27. Nxc6 Rxc6 28. Rxd7 Rxe4 29. Rf1 Rc8 30. Rff7 Rg4 31. Rb7 Rg5 32. Rfd7 a4 1/2-1/2

[Event "COL-ch U14 Girls"]
[Site "Medellin"]
[Date "2008.04.25"]
[Round "3.7"]
[White "Pachon Gutierrez, Adriana Paola"]
[Black "Tobar, Estefania"]
[Result "1-0"]
[WhiteElo "2094"]
[BlackElo "1826"]
[PlyCount "87"]
[EventDate "2008.04.24"]
[EventType "swiss"]
[EventRounds "7"]
[EventCountry "COL"]
[SourceTitle "EXT 2024"]
[Source "ChessBase"]
[SourceDate "2023.10.10"]
[SourceVersion "1"]
[SourceVersionDate "2023.10.10"]
[SourceQuality "1"]

1. e4 e5 2. Nf3 Nc6 3. Bc4 Bc5 4. c3 Nf6 5. b4 Bb6 6. d3 a6 7. a4 h6 8. Nbd2 0-0 9. 0-0 d6 10. Bb2 Ne7 11. Bb3 Ng6 12. Nc4 Ba7 13. b5 Nf4 14. Bc1 N6h5 15. Be3 Qf6 16. Bxa7 Rxa7 17. Ne3 Qe7 18. Qc2 Be6 19. Bxe6 Qxe6 20. c4 Qg6 21. Kh1 Nf6 22. Nh4 Qh5 23. Nhf5 Ng4 24. Nxg4 Qxg4 25. Ng3 h5 26. f3 Qg6 27. Rfd1 Re8 28. Ra2 axb5 29. cxb5 b6 30. Nf5 Qh7 31. Qc6 Rea8 32. Ra3 Kh8 33. Rda1 h4 34. Rc1 Rxa4 35. Qxa8+ Rxa8 36. Rxa8+ Qg8 37. Rxg8+ Kxg8 38. Rxc7 Nxd3 39. Nxd6 Nb2 40. Rc6 Na4 41. Nc8 Kf8 42. Nxb6 Nxb6 43. Rxb6 Ke8 44. Rd6 1-0

[Event "COL-ch U16 Girls"]
[Site "Cali"]
[Date "2008.04.03"]
[Round "1.6"]
[White "Tobar, Estefania"]
[Black "Castrillon Gomez, Melissa"]
[Result "0-1"]
[WhiteElo "1826"]
[BlackElo "1946"]
[PlyCount "60"]
[EventDate "2008.04.03"]
[EventType "swiss"]
[EventRounds "7"]
[EventCountry "COL"]
[SourceTitle "EXT 2024"]
[Source "ChessBase"]
[SourceDate "2023.10.10"]
[SourceVersion "1"]
[SourceVersionDate "2023.10.10"]
[SourceQuality "1"]

1. e4 c5 2. Nf3 d6 3. d4 cxd4 4. Nxd4 Nf6 5. Nc3 g6 6. Be3 Bg7 7. f3 0-0 8. Qd2 Nc6 9. 0-0-0 d5 10. Bh6 Bxh6 11. Qxh6 Nxd4 12. Rxd4 e5 13. Rd1 d4 14. Ne2 Qa5 15. Kb1 Be6 16. a3 b5 17. Qg5 Nd7 18. Qd2 Qc7 19. f4 f6 20. g3 a5 21. Bg2 b4 22. f5 Bf7 23. a4 b3 24. c3 Rac8 25. Rc1 Qc6 26. cxd4 Qxa4 27. Nc3 Rxc3 28. bxc3 b2 29. Rce1 Qa2+ 30. Kc2 b1Q# 0-1